|
|
|
|
| LEADER |
00000nam0a2200000 4500 |
| 001 |
253820 |
| 005 |
20231031214604.0 |
| 010 |
|
|
|a 5247004744
|
| 020 |
|
|
|a RU
|b 89-42687
|
| 035 |
|
|
|a (RuTPU)RU\TPU\book\276235
|
| 090 |
|
|
|a 253820
|
| 100 |
|
|
|a 20140317d1989 m a0rusy5003 ca
|
| 101 |
0 |
|
|a rus
|
| 102 |
|
|
|a RU
|
| 105 |
|
|
|a a z 001zy
|
| 200 |
1 |
|
|a Белый камень Подмосковья
|f Л. И. Звягинцев, А. М. Викторов
|
| 210 |
|
|
|a Москва
|c Недра
|d 1989
|
| 215 |
|
|
|a 115 с.
|c ил.
|
| 320 |
|
|
|a Библиогр.: с. 117 (25 назв.)
|
| 606 |
1 |
|
|a Архитектурные памятники
|x История
|2 stltpush
|3 (RuTPU)RU\TPU\subj\29494
|
| 610 |
1 |
|
|a Московская область
|
| 610 |
1 |
|
|a известняки
|
| 610 |
1 |
|
|a белый камень
|
| 610 |
1 |
|
|a скульптура
|
| 610 |
1 |
|
|a колонны
|
| 610 |
1 |
|
|a разработка
|
| 675 |
|
|
|a 72.02
|z rus
|
| 700 |
|
1 |
|a Звягинцев
|b Л. И.
|g Леонид Иванович
|
| 701 |
|
1 |
|a Викторов
|b А. М.
|g Александр Маркович
|
| 801 |
|
0 |
|a RU
|b RuMRKP
|c 19950417
|g psbo
|
| 801 |
|
1 |
|a RU
|b 63413507
|c 20140317
|
| 801 |
|
2 |
|a RU
|b 63413507
|c 20140520
|g RCR
|
| 942 |
|
|
|c BK
|